Normal view
MARC view
- FAULT TOLERANCE AND RELIABILITY TECHNIQUES FOR HIGH DENISTY RANDOM ACCESS MEMORIES
Entry Topical Term
001 - CONTROL NUMBER
- control field: 61632
003 - CONTROL NUMBER IDENTIFIER
- control field: NUST
005 - DATE AND TIME OF LATEST TRANSACTION
- control field: 20210628202804.0
008 - FIXED-LENGTH DATA ELEMENTS
- fixed length control field: 210628|| aca||aabn | a|a d
040 ## - CATALOGING SOURCE
- Original cataloging agency: NUST
- Transcribing agency: NUST
150 ## - HEADING--TOPICAL TERM
- Topical term or geographic name entry element: FAULT TOLERANCE AND RELIABILITY TECHNIQUES FOR HIGH DENISTY RANDOM ACCESS MEMORIES
670 ## - SOURCE DATA FOUND
- Source citation: Work cat.: (NUST): Chakraborty, Kanad Mazumder, Pinaki 61631, Fault tolerance and reliability techniques for high denisty random access memories, 2002
